[Event "Titled Tuesday intern op 15th Aug Late"]
[Site "Chess.com INT"]
[Date "2023.08.15"]
[Round "2"]
[White "Timmermans, Mark"]
[Black "Nathan, Nitish"]
[Result "0-1"]
[WhiteElo "2392"]
[BlackElo "2220"]
[PlyCount "56"]
[EventDate "2023.08.15"]
[EventType "swiss (blitz)"]
[EventRounds "11"]
[EventCountry "USA"]
[SourceTitle "EXT 2024"]
[Source "ChessBase"]
[SourceDate "2023.10.10"]
[SourceVersion "1"]
[SourceVersionDate "2023.10.10"]
[SourceQuality "1"]

1. b4 d5 2. Bb2 Bf5 3. e3 e6 4. c4 c6 5. a4 Nf6 6. b5 Nbd7 7. Nf3 Bg6 8. Be2 Bd6 9. 0-0 0-0 10. d4 Ne4 11. Nc3 f5 12. Qb3 Bh5 13. Rad1 Bxf3 14. Bxf3 Kh8 15. Ba3 dxc4 16. Qb2 Bxa3 17. Qxa3 Ndf6 18. bxc6 bxc6 19. Nxe4 fxe4 20. Be2 Nd5 21. Bxc4 Rf6 22. Qc5 Rh6 23. Qxc6 Rc8 24. Qa6 e5 25. Qb7 Nc3 26. Bb3 Ne2+ 27. Kh1 Rxh2+ 28. Kxh2 Qh4# 0-1

[Event "Titled Tuesday intern op 08th Aug Early"]
[Site "Chess.com INT"]
[Date "2023.08.08"]
[Round "1"]
[White "Balint, Vilmos"]
[Black "Timmermans, Mark"]
[Result "0-1"]
[WhiteElo "2217"]
[BlackElo "2392"]
[PlyCount "124"]
[EventDate "2023.08.08"]
[EventType "swiss (blitz)"]
[EventRounds "11"]
[EventCountry "USA"]
[SourceTitle "EXT 2024"]
[Source "ChessBase"]
[SourceDate "2023.10.10"]
[SourceVersion "1"]
[SourceVersionDate "2023.10.10"]
[SourceQuality "1"]

1. d4 Nf6 2. c4 e6 3. Nc3 Bb4 4. e3 Ne4 5. Bd2 Nxd2 6. Qxd2 f5 7. a3 Bxc3 8. Qxc3 0-0 9. Nf3 b6 10. Be2 Bb7 11. 0-0 d6 12. Rfd1 Nd7 13. Rac1 Nf6 14. c5 Ne4 15. Qb3 Bd5 16. Bc4 dxc5 17. Bxd5 exd5 18. dxc5 Nxc5 19. Qxd5+ Qxd5 20. Rxd5 a5 21. g3 a4 22. Nd4 g6 23. Nb5 Rf7 24. Rcd1 Re8 25. Rd8 Kf8 26. Nc3 Ke7 27. Rxe8+ Kxe8 28. Kg2 Rd7 29. Rxd7 Kxd7 30. Kf3 c6 31. Kf4 Nd3+ 32. Kg5 Nxb2 33. Kh6 Ke6 34. Kxh7 Kf7 35. e4 fxe4 36. Nxe4 b5 37. g4 Nc4 38. g5 Nxa3 39. h4 Nc4 40. h5 Ne5 41. Nd6+ Ke6 42. hxg6 Nxg6 43. Kxg6 a3 44. Ne4 a2 45. Nc5+ Kd5 46. Nb3 Kc4 47. Kh7 Kxb3 48. g6 a1Q 49. g7 Qh1+ 50. Kg6 Qg2+ 51. Kh7 Qh3+ 52. Kg6 Qg4+ 53. Kh6 c5 54. f3 Qh4+ 55. Kg6 c4 56. g8Q Qg3+ 57. Kh7 Qxg8+ 58. Kxg8 c3 59. f4 c2 60. f5 c1Q 61. f6 Qc4+ 62. f7 Qxf7+ 0-1

[Event "Titled Tuesday intern op 08th Aug Early"]
[Site "Chess.com INT"]
[Date "2023.08.08"]
[Round "6"]
[White "Timmermans, Mark"]
[Black "Al Tarbosh, Ward"]
[Result "1-0"]
[WhiteElo "2392"]
[BlackElo "2280"]
[PlyCount "141"]
[EventDate "2023.08.08"]
[EventType "swiss (blitz)"]
[EventRounds "11"]
[EventCountry "USA"]
[SourceTitle "EXT 2024"]
[Source "ChessBase"]
[SourceDate "2023.10.10"]
[SourceVersion "1"]
[SourceVersionDate "2023.10.10"]
[SourceQuality "1"]

1. b4 e6 2. Bb2 Nf6 3. b5 c5 4. c4 Be7 5. e3 0-0 6. a4 a5 7. Nf3 b6 8. Be2 Bb7 9. 0-0 d5 10. d4 dxc4 11. Bxc4 Nbd7 12. Nbd2 Rc8 13. Be2 Re8 14. Rc1 Nf8 15. Ne5 Ng6 16. Ndc4 Bd5 17. Bf3 Ne4 18. dxc5 Bxc5 19. Nc6 Qg5 20. Bd4 Nh4 21. N4e5 Bxd4 22. Qxd4 Nxg2 23. Bxg2 Nc3 24. Qg4 Ne2+ 25. Kh1 Qxg4 26. Nxg4 Nxc1 27. Rxc1 Bxc6 28. Bxc6 f6 29. e4 e5 30. Ne3 Red8 31. Nd5 Rb8 32. Kg2 Kf8 33. Kf3 Kf7 34. Ke3 Ke6 35. f3 g6 36. Nc7+ Ke7 37. h4 f5 38. h5 f4+ 39. Ke2 Rd4 40. hxg6 hxg6 41. Rg1 Kf6 42. Nd5+ Kf7 43. Nc3 Rbd8 44. Bd5+ Kf6 45. Bb3 Kg7 46. Be6 R8d6 47. Bf5 Rc4 48. Nd5 Rc2+ 49. Kd3 Ra2 50. Kc4 Rxa4+ 51. Kb3 Rd4 52. Bg4 Rd3+ 53. Kc4 Rd4+ 54. Kc3 a4 55. Ra1 g5 56. Nb4 Rh6 57. Rxa4 Rh2 58. Ra7+ Kg6 59. Bf5+ Kf6 60. Rb7 Rf2 61. Rxb6+ Kf7 62. Bg4 Rg2 63. Bh5+ Ke7 64. Nd5+ Kd7 65. Bg4+ Ke8 66. Be6 Kf8 67. Rb7 Rg3 68. Rf7+ Ke8 69. Nf6+ Kd8 70. Bg4 Rd6 71. Nd5 1-0

[Event "Titled Tuesday intern op 08th Aug Early"]
[Site "Chess.com INT"]
[Date "2023.08.08"]
[Round "2"]
[White "Timmermans, Mark"]
[Black "Dyachuk, Artem"]
[Result "1/2-1/2"]
[WhiteElo "2392"]
[BlackElo "2242"]
[PlyCount "141"]
[EventDate "2023.08.08"]
[EventType "swiss (blitz)"]
[EventRounds "11"]
[EventCountry "USA"]
[SourceTitle "EXT 2024"]
[Source "ChessBase"]
[SourceDate "2023.10.10"]
[SourceVersion "1"]
[SourceVersionDate "2023.10.10"]
[SourceQuality "1"]

1. b4 d5 2. Bb2 Bf5 3. e3 e6 4. c4 Nf6 5. b5 Be7 6. Nf3 0-0 7. Be2 dxc4 8. Bxc4 Bd3 9. Bxd3 Qxd3 10. a4 Nbd7 11. Nc3 Nc5 12. Qe2 Qc2 13. Ba3 Nd3+ 14. Kf1 Bxa3 15. Nd4 Nc1 16. Nxc2 Nxe2 17. Kxe2 Bb2 18. Rab1 Bxc3 19. dxc3 Ne4 20. Rb3 Rad8 21. Nd4 e5 22. Nf3 f6 23. Rc1 Rd7 24. Rb4 Nc5 25. Rd1 Rfd8 26. Rxd7 Rxd7 27. a5 b6 28. axb6 axb6 29. Nd2 Nd3 30. Rc4 Nc1+ 31. Ke1 Nd3+ 32. Ke2 Nxf2 33. Kxf2 Rxd2+ 34. Kf3 Rd7 35. g4 Kf7 36. Ke4 Kg6 37. h4 Kf7 38. Rc6 h6 39. c4 Ke7 40. c5 bxc5 41. Rxc5 Kd8 42. g5 hxg5 43. hxg5 Rd6 44. gxf6 gxf6 45. Kf5 Kd7 46. e4 Rb6 47. Rd5+ Ke7 48. Rc5 Kd7 49. Rd5+ Ke7 50. Kg6 c6 51. bxc6 Rxc6 52. Ra5 Ke6 53. Rb5 Rc1 54. Rb6+ Ke7 55. Rb7+ Ke6 56. Rb6+ Ke7 57. Rb7+ Kd6 58. Rb6+ Kc5 59. Ra6 Kd4 60. Ra4+ Ke3 61. Kxf6 Kf4 62. Ke6 Re1 63. Kd5 Rd1+ 64. Kc5 Re1 65. Kd5 Rd1+ 66. Kc5 Rd2 67. Rb4 Rc2+ 68. Kd5 Rd2+ 69. Kc5 Rc2+ 70. Kd5 Rd2+ 71. Kc5 1/2-1/2

[Event "Titled Tuesday intern op 08th Aug Early"]
[Site "Chess.com INT"]
[Date "2023.08.08"]
[Round "4"]
[White "Timmermans, Mark"]
[Black "Salman, Pavel"]
[Result "0-1"]
[WhiteElo "2392"]
[BlackElo "2287"]
[PlyCount "44"]
[EventDate "2023.08.08"]
[EventType "swiss (blitz)"]
[EventRounds "11"]
[EventCountry "USA"]
[SourceTitle "EXT 2024"]
[Source "ChessBase"]
[SourceDate "2023.10.10"]
[SourceVersion "1"]
[SourceVersionDate "2023.10.10"]
[SourceQuality "1"]

1. b4 Nf6 2. Bb2 g6 3. b5 Bg7 4. c4 0-0 5. a4 d6 6. e3 e5 7. Nc3 Nbd7 8. Nf3 Re8 9. Be2 e4 10. Nd4 Ne5 11. 0-0 c5 12. bxc6 bxc6 13. f4 exf3 14. Nxf3 h6 15. d4 Neg4 16. Re1 Nxe3 17. Qd3 Bf5 18. Qd2 Nc2 19. Rac1 Nxe1 20. Rxe1 Rb8 21. Ba3 Rb3 22. Qc1 Qa5 0-1

[Event "Titled Tuesday intern op 08th Aug Early"]
[Site "Chess.com INT"]
[Date "2023.08.08"]
[Round "11"]
[White "Timmermans, Mark"]
[Black "Zhigalko, Sergei"]
[Result "1-0"]
[WhiteElo "2392"]
[BlackElo "2572"]
[PlyCount "71"]
[EventDate "2023.08.08"]
[EventType "swiss (blitz)"]
[EventRounds "11"]
[EventCountry "USA"]
[SourceTitle "EXT 2024"]
[Source "ChessBase"]
[SourceDate "2023.10.10"]
[SourceVersion "1"]
[SourceVersionDate "2023.10.10"]
[SourceQuality "1"]

1. b4 e5 2. Bb2 e4 3. e3 Nf6 4. a3 d5 5. d3 Bf5 6. Nd2 Nbd7 7. dxe4 dxe4 8. Ne2 a5 9. Ng3 Bg6 10. b5 Be7 11. a4 h5 12. h4 Bb4 13. Be2 Qe7 14. c3 Bd6 15. Nc4 Bc5 16. Qc1 0-0 17. Ba3 Rfd8 18. Nf1 Nd5 19. Nfd2 Qf6 20. Bb2 Bf8 21. Nb3 N5b6 22. Ncd2 Ne5 23. c4 Bb4 24. Bd4 Qe6 25. 0-0 Nd3 26. Qc2 Nd7 27. c5 N7e5 28. Rad1 Rd7 29. Nc1 Rad8 30. f4 exf3 31. Bxd3 Nxd3 32. Nxd3 Rxd4 33. exd4 Qe3+ 34. Rf2 Bxd3 35. Qb3 fxg2 36. Nf3 1-0